000
00317nam a22001457a 4500
008
210517b ||||| |||| 00| 0 eng d
020
_a
9789988123031
041
_a
eng
080
_a
37
082
_a
37
100
_a
46
101
_a
EDU
245
_a
Destiny a Reality or Mirage
_c
Paul K. Awua
942
_2
udc
_c
BK
999
_c
57372
_d
57372